000 02184cam a22004454i 4500
003 PE-LiUPU
005 20250731165432.0
008 160224s1994 pe grm 000 0 spa d
035 _a(Sirsi) a156294
040 _aPE-LiUPU
_bspa
_cPE-LiUPU
_erda
099 _aTE 2
_bR86 1994
100 1 _aRivas Arrieta, Graciela
_eautor
245 1 _aDificultades en el aprendizaje de matemática en el 2do. Grado de Educación Primaria del C.E. Miguel Grau /
_cGraciela Rivas Arrieta.
264 0 _c1994.
300 _a128 hojas
_c30 cm
336 _atext
_2rdacontent
337 _aunmediated
_2rdamedia
338 _avolume
_2rdacarrier
502 _aTesis
_b(Lic.) --
_cUniversidad Peruana Unión,
_d1994.
504 _aIncluye referencias
520 3 _aSe toma al presente trabajo de investigación en razón de la existencia de un elevado numero de alumnos del 2do grado de Educación Primaria, que desertan o repiten el año escolar, hecho que se manifiesta de manera mas aguda en las zonas deprimidas social y económicamente, como es el caso de la población del pueblo joven de Miguel Grau, las dificultades en el aprendizaje de la Matemática son mayores debido al alto grado de abstracción de los contenidos curriculares, ajo el nivel de asimilación del alumno y del poco nivel de dominio de las técnicas de enseñanza de la Matemática por parte del docente. Es por ello, que la asignatura escasamente logra los objetivos educativos, y es cuando el alumno desmotivado y presionado por aprender conocimientos y conceptos Matemáticos optan por desertar, repetir o sencillamente es desaprobado en Matemática.
526 _aSEG44
526 _aSEG26
526 _aP151
526 _aP150
526 _aP149
526 _aP146
526 _aP145
526 _aP126
526 _aP125
526 _aP92
526 _aP75
526 _aP74
526 _aP27
526 _aP15
650 0 4 _aMatemáticas
_xAprendizaje
_xInstrucción primaria.
596 _a1
942 _2ddc
_cTESIS
999 _aTE 2 R86 1994
_wALPHANUM
_c8978
_iT00194
_lCCODEBUL3
_mBUL
_r1
_sY
_tTESIS
_u2016-2-24
_xEDUCACION
_PP20
_o.STAFF. Tesis
_d8978
980 _81
_gALBERTO SANCHEZ Responsable de Automatización